<?xml version="1.0" encoding="UTF-8"?><marc:collection xmlns:marc="http://www.loc.gov/MARC21/slim">
  <marc:record>
    <marc:leader>02964nas a2200613 c 4500</marc:leader>
    <marc:controlfield tag="001">010054901</marc:controlfield>
    <marc:controlfield tag="003">DE-101</marc:controlfield>
    <marc:controlfield tag="005">20250827170804.0</marc:controlfield>
    <marc:controlfield tag="007">tu</marc:controlfield>
    <marc:controlfield tag="008">991118c18949999xxuu||p|  ||| 0||||1eng c</marc:controlfield>
    <marc:datafield tag="016" ind1="7" ind2=" ">
      <marc:subfield code="2">DE-600</marc:subfield>
      <marc:subfield code="a">3665-1</marc:subfield>
    </marc:datafield>
    <marc:datafield tag="016" ind1="7" ind2=" ">
      <marc:subfield code="2">DE-101</marc:subfield>
      <marc:subfield code="a">010054901</marc:subfield>
    </marc:datafield>
    <marc:datafield tag="022" ind1=" " ind2=" ">
      <marc:subfield code="a">0002-9890</marc:subfield>
    </marc:datafield>
    <marc:datafield tag="030" ind1=" " ind2=" ">
      <marc:subfield code="a">AMMYA</marc:subfield>
    </marc:datafield>
    <marc:datafield tag="035" ind1=" " ind2=" ">
      <marc:subfield code="a">(DE-599)ZDB3665-1</marc:subfield>
    </marc:datafield>
    <marc:datafield tag="035" ind1=" " ind2=" ">
      <marc:subfield code="a">(OCoLC)643084321</marc:subfield>
    </marc:datafield>
    <marc:datafield tag="040" ind1=" " ind2=" ">
      <marc:subfield code="a">9001</marc:subfield>
      <marc:subfield code="b">ger</marc:subfield>
      <marc:subfield code="c">DE-101</marc:subfield>
      <marc:subfield code="d">9999</marc:subfield>
    </marc:datafield>
    <marc:datafield tag="041" ind1=" " ind2=" ">
      <marc:subfield code="a">eng</marc:subfield>
    </marc:datafield>
    <marc:datafield tag="042" ind1=" " ind2=" ">
      <marc:subfield code="a">zdb</marc:subfield>
    </marc:datafield>
    <marc:datafield tag="044" ind1=" " ind2=" ">
      <marc:subfield code="c">XD-US</marc:subfield>
    </marc:datafield>
    <marc:datafield tag="082" ind1="7" ind2="4">
      <marc:subfield code="a">510</marc:subfield>
      <marc:subfield code="q">DE-101</marc:subfield>
      <marc:subfield code="2">22sdnb</marc:subfield>
    </marc:datafield>
    <marc:datafield tag="083" ind1="7" ind2=" ">
      <marc:subfield code="a">510</marc:subfield>
      <marc:subfield code="q">DE-600</marc:subfield>
      <marc:subfield code="2">22sdnb</marc:subfield>
    </marc:datafield>
    <marc:datafield tag="084" ind1=" " ind2=" ">
      <marc:subfield code="a">17,1</marc:subfield>
      <marc:subfield code="2">ssgn</marc:subfield>
    </marc:datafield>
    <marc:datafield tag="084" ind1=" " ind2=" ">
      <marc:subfield code="a">800</marc:subfield>
      <marc:subfield code="2">rpb</marc:subfield>
    </marc:datafield>
    <marc:datafield tag="084" ind1=" " ind2=" ">
      <marc:subfield code="a">SA 1075</marc:subfield>
      <marc:subfield code="2">rvk</marc:subfield>
    </marc:datafield>
    <marc:datafield tag="084" ind1=" " ind2=" ">
      <marc:subfield code="a">MAT 001</marc:subfield>
      <marc:subfield code="2">stub</marc:subfield>
    </marc:datafield>
    <marc:datafield tag="090" ind1=" " ind2=" ">
      <marc:subfield code="n">de</marc:subfield>
    </marc:datafield>
    <marc:datafield tag="210" ind1="0" ind2="0">
      <marc:subfield code="a">Am. Math. Mon.</marc:subfield>
    </marc:datafield>
    <marc:datafield tag="245" ind1="0" ind2="0">
      <marc:subfield code="a">&#152;The&#156; American mathematical monthly</marc:subfield>
      <marc:subfield code="b">an official publication of the Mathematical Association of America</marc:subfield>
    </marc:datafield>
    <marc:datafield tag="246" ind1="3" ind2=" ">
      <marc:subfield code="a">List of officers and members</marc:subfield>
    </marc:datafield>
    <marc:datafield tag="247" ind1="0" ind2="0">
      <marc:subfield code="a">&#152;the&#156; official journal of the Mathematical Association of America</marc:subfield>
      <marc:subfield code="f">Zusatz anfangs</marc:subfield>
    </marc:datafield>
    <marc:datafield tag="264" ind1="3" ind2="1">
      <marc:subfield code="a">Philadelphia, PA</marc:subfield>
      <marc:subfield code="b">Taylor &amp; Francis Group</marc:subfield>
      <marc:subfield code="c">1894-</marc:subfield>
    </marc:datafield>
    <marc:datafield tag="264" ind1=" " ind2="1">
      <marc:subfield code="3">1894-2017</marc:subfield>
      <marc:subfield code="a">Menasha, Wisc. [u.a.]</marc:subfield>
      <marc:subfield code="b">MAA</marc:subfield>
    </marc:datafield>
    <marc:datafield tag="300" ind1=" " ind2=" ">
      <marc:subfield code="c">25 cm</marc:subfield>
    </marc:datafield>
    <marc:datafield tag="336" ind1=" " ind2=" ">
      <marc:subfield code="a">Text</marc:subfield>
      <marc:subfield code="b">txt</marc:subfield>
      <marc:subfield code="2">rdacontent</marc:subfield>
    </marc:datafield>
    <marc:datafield tag="337" ind1=" " ind2=" ">
      <marc:subfield code="a">ohne Hilfsmittel zu benutzen</marc:subfield>
      <marc:subfield code="b">n</marc:subfield>
      <marc:subfield code="2">rdamedia</marc:subfield>
    </marc:datafield>
    <marc:datafield tag="338" ind1=" " ind2=" ">
      <marc:subfield code="a">Band</marc:subfield>
      <marc:subfield code="b">nc</marc:subfield>
      <marc:subfield code="2">rdacarrier</marc:subfield>
    </marc:datafield>
    <marc:datafield tag="362" ind1="0" ind2=" ">
      <marc:subfield code="a">1.1894 -</marc:subfield>
    </marc:datafield>
    <marc:datafield tag="363" ind1="0" ind2="1">
      <marc:subfield code="8">1.1\x</marc:subfield>
      <marc:subfield code="a">1</marc:subfield>
      <marc:subfield code="i">1894</marc:subfield>
    </marc:datafield>
    <marc:datafield tag="500" ind1=" " ind2=" ">
      <marc:subfield code="a">Erscheint zehnmal jährlich</marc:subfield>
    </marc:datafield>
    <marc:datafield tag="500" ind1=" " ind2=" ">
      <marc:subfield code="a">Repr.: New York, NY : Johnson</marc:subfield>
    </marc:datafield>
    <marc:datafield tag="501" ind1=" " ind2=" ">
      <marc:subfield code="a">1944 - 1951 darin: List of officers and members / Mathematical Association of America; ungezählte Beil.: Center section</marc:subfield>
    </marc:datafield>
    <marc:datafield tag="555" ind1="8" ind2=" ">
      <marc:subfield code="a">Index 1/56.1894/1950 in: 57.1950,7</marc:subfield>
    </marc:datafield>
    <marc:datafield tag="650" ind1=" " ind2="7">
      <marc:subfield code="0">(DE-588)4037944-9</marc:subfield>
      <marc:subfield code="0">https://d-nb.info/gnd/4037944-9</marc:subfield>
      <marc:subfield code="0">(DE-101)040379442</marc:subfield>
      <marc:subfield code="a">Mathematik</marc:subfield>
      <marc:subfield code="9">rswk-swf</marc:subfield>
      <marc:subfield code="2">gnd</marc:subfield>
    </marc:datafield>
    <marc:datafield tag="650" ind1=" " ind2="7">
      <marc:subfield code="0">(DE-588)4067488-5</marc:subfield>
      <marc:subfield code="0">https://d-nb.info/gnd/4067488-5</marc:subfield>
      <marc:subfield code="0">(DE-101)040674886</marc:subfield>
      <marc:subfield code="a">Zeitschrift</marc:subfield>
      <marc:subfield code="9">rswk-swf</marc:subfield>
      <marc:subfield code="2">gnd</marc:subfield>
    </marc:datafield>
    <marc:datafield tag="655" ind1=" " ind2="7">
      <marc:subfield code="0">(DE-588)4067488-5</marc:subfield>
      <marc:subfield code="0">https://d-nb.info/gnd/4067488-5</marc:subfield>
      <marc:subfield code="0">(DE-101)040674886</marc:subfield>
      <marc:subfield code="a">Zeitschrift</marc:subfield>
      <marc:subfield code="2">gnd-content</marc:subfield>
    </marc:datafield>
    <marc:datafield tag="689" ind1="0" ind2="0">
      <marc:subfield code="0">(DE-588)4037944-9</marc:subfield>
      <marc:subfield code="0">https://d-nb.info/gnd/4037944-9</marc:subfield>
      <marc:subfield code="0">(DE-101)040379442</marc:subfield>
      <marc:subfield code="D">s</marc:subfield>
      <marc:subfield code="a">Mathematik</marc:subfield>
    </marc:datafield>
    <marc:datafield tag="689" ind1="0" ind2="1">
      <marc:subfield code="0">(DE-588)4067488-5</marc:subfield>
      <marc:subfield code="0">https://d-nb.info/gnd/4067488-5</marc:subfield>
      <marc:subfield code="0">(DE-101)040674886</marc:subfield>
      <marc:subfield code="D">s</marc:subfield>
      <marc:subfield code="a">Zeitschrift</marc:subfield>
    </marc:datafield>
    <marc:datafield tag="689" ind1="0" ind2=" ">
      <marc:subfield code="5">DE-600</marc:subfield>
      <marc:subfield code="5">DE-600</marc:subfield>
    </marc:datafield>
    <marc:datafield tag="710" ind1="2" ind2=" ">
      <marc:subfield code="0">(DE-588)41071-8</marc:subfield>
      <marc:subfield code="0">https://d-nb.info/gnd/41071-8</marc:subfield>
      <marc:subfield code="0">(DE-101)000410713</marc:subfield>
      <marc:subfield code="a">Mathematical Association of America</marc:subfield>
      <marc:subfield code="e">Herausgebendes Organ</marc:subfield>
      <marc:subfield code="4">isb</marc:subfield>
      <marc:subfield code="2">gnd</marc:subfield>
    </marc:datafield>
    <marc:datafield tag="770" ind1="0" ind2="8">
      <marc:subfield code="i">Supplement</marc:subfield>
      <marc:subfield code="a">Mathematical Association of America</marc:subfield>
      <marc:subfield code="t">Register of officers and members</marc:subfield>
      <marc:subfield code="d">Menasha, Wis. : Assoc., 1919-1941</marc:subfield>
      <marc:subfield code="w">(DE-600)953857-4</marc:subfield>
      <marc:subfield code="w">(DE-101)010025200</marc:subfield>
    </marc:datafield>
    <marc:datafield tag="776" ind1="0" ind2="8">
      <marc:subfield code="i">Erscheint auch als</marc:subfield>
      <marc:subfield code="n">Online-Ausgabe</marc:subfield>
      <marc:subfield code="t">&#152;The&#156; American mathematical monthly</marc:subfield>
      <marc:subfield code="d">London : Taylor &amp; Francis Group, 1894-</marc:subfield>
      <marc:subfield code="h">Online-Ressource</marc:subfield>
      <marc:subfield code="x">1930-0972</marc:subfield>
      <marc:subfield code="w">(DE-600)1476746-6</marc:subfield>
      <marc:subfield code="w">(DE-101)019697716</marc:subfield>
    </marc:datafield>
    <marc:datafield tag="787" ind1="0" ind2="8">
      <marc:subfield code="i">54,7,2=1; 56,1,2=2; 61,7,2=3; 62,7,2=4; 63,9,2=5; 64,8,2=6; 65,8,2=7; 67,7,2=8; 68,1,2=9; 72,2,2=10; 73,4,2=11; 78,9,2=12; 80,6,2=13 von</marc:subfield>
      <marc:subfield code="t">Herbert Ellsworth Slaught memorial paper</marc:subfield>
      <marc:subfield code="d">Menasha, Wis. : [Verlag nicht ermittelbar], 1947-1973</marc:subfield>
      <marc:subfield code="w">(DE-600)251509-X</marc:subfield>
      <marc:subfield code="w">(DE-101)011509147</marc:subfield>
    </marc:datafield>
    <marc:datafield tag="850" ind1=" " ind2=" ">
      <marc:subfield code="a">DE-101a</marc:subfield>
      <marc:subfield code="a">DE-101b</marc:subfield>
    </marc:datafield>
  </marc:record>
</marc:collection>
